الشباب : (Record no. 14647)
[ view plain ]
| 000 -الفاتح | |
|---|---|
| حقل البيانات ثابتة الطول | 01151nam a22002177a 4500 |
| 008 - عناصر البيانات ثابتة الطول - معلومات عامة | |
| حقل البيانات ثابتة الطول | 100808t1964 xxu||||| |||| 00| 0 ara d |
| 082 ## - رقم تصنيف ديوى العشرى | |
| رقم الطبعة | 22 |
| رقم المادة | ج ز ل |
| رقم التصنيف | 301.4315 |
| 100 1# - المدخل الرئيسى - إسم شخصى | |
| 9 (RLIN) | 17280 |
| الإسم الشخصى | جزل، أرنولد |
| 245 ## - بيان العنوان | |
| العنوان | الشباب : |
| بقية العنوان | من العاشرة الى السادسة عشرة / |
| بيان المسئوليه,etc | أرنولد جزل... واخ؛ ترجمة عبد العزيز توفيق جاويد ؛ راجعة مصطفي فهمي. |
| الوسيط | Youth From Ten to Sixteen |
| 260 ## - PUBLICATION, DISTRIBUTION, ETC. (IMPRINT) | |
| مكان الناشر او الموزع | القاهرة : |
| اسم الناشر او الموزع | مكتبة الأنجلو المصرية ، |
| تاريخ النشر أو التوزيع | 1964. |
| 300 ## - الوصف المادى | |
| التعداد | ك ، 458 ص : |
| تفاصيل ماديه اخرى للوعاء | ايض ؛ |
| أبعاد الوعاء | 24 سم. |
| 500 ## - تبصرة عامة | |
| تبصرة عامة | يحتوي علي كشافات |
| 504 ## - تبصرة ببليوجرافية | |
| تبصرة ببليوجرافية,الخ | يحتوي علي ارجاعات ببليوجرافية |
| 541 ## - تبصرة المصدر المباشر للتزويد | |
| مصدر التزويد | ألف باء ؛ |
| طريقة التزويد | شراء ؛ |
| 650 0# - المدخل الاضافى بالموضوع-مصطلح موضوعى | |
| 9 (RLIN) | 17302 |
| مصطلح موضوعي أو اسم جغرافي كعنصر مدخل | المراهقون |
| 650 0# - المدخل الاضافى بالموضوع-مصطلح موضوعى | |
| 9 (RLIN) | 17303 |
| مصطلح موضوعي أو اسم جغرافي كعنصر مدخل | المراهقون |
| مصطلح موضوعي تابع لاسم جغرافي كعنصر مدخل | آداب السلوك |
| 700 1# - المدخل الاضافى - اسم شخصى | |
| 9 (RLIN) | 16656 |
| الإسم الشخصى | جاويد ، عبد العزيز توفيق |
| الدور | مترجم |
| 700 1# - المدخل الاضافى - اسم شخصى | |
| 9 (RLIN) | 17281 |
| الإسم الشخصى | فهمى، مصطفى |
| الدور | مراجع |
| 710 ## - المدخل الاضافى - اسم هيئه | |
| 9 (RLIN) | 17282 |
| اسم الهيئة أو اسم السلطة كمدخل | وزارة التعليم العالي |
| وحده ملحقة | قسم الترجمة والألف كتاب|الادارة العامة للثقافة |
| 942 ## - عناصر المدخل الإضافي( كوها) | |
| مصدر التصنيف او مخطط الترفيف | Dewey Decimal Classification |
| Koha [default] item type | Book - Borrowing |
| حالة التراجع | حالة الفقد | مصدر التصنيف او خطة الترفيف | حالة تلف | ليس للاعارة | مجموعات كوها | المكان الدائم | المكان الحالي | موقع الترفيف | تاريخ الاكتساب | Source of acquisition | رقم الاستدعاء | الباركود | Date last seen | نوع الوعاء |
|---|---|---|---|---|---|---|---|---|---|---|---|---|---|---|
| Dewey Decimal Classification | Alef-Baa | Central Library | Central Library | First floor | 08/08/2010 | 301.4315 ج ز ل | 000021504 | 15/07/2025 | Book - Borrowing |